| 000 -LEADER |
| fixed length control field |
00526nam a22001937a 4500 |
| 008 - FIXED-LENGTH DATA ELEMENTS--GENERAL INFORMATION |
| fixed length control field |
150617b xxu||||| |||| 00| 0 eng d |
| 020 ## - INTERNATIONAL STANDARD BOOK NUMBER |
| International Standard Book Number |
9789812790675 |
| 020 ## - INTERNATIONAL STANDARD BOOK NUMBER |
| International Standard Book Number |
9812790675 |
| 041 0# - LANGUAGE CODE |
| Language code of text/sound track or separate title |
eng |
| 080 ## - UNIVERSAL DECIMAL CLASSIFICATION NUMBER |
| Universal Decimal Classification number |
658 |
| 100 1# - Rafti |
| Rafti |
El-Meligi, A. Moneim, |
| 245 10 - TITLE STATEMENT |
| Title |
Work, management, and the business of living / |
| Statement of responsibility, etc |
Moneim El-Meligi. |
| 260 ## - |
| -- |
Hackensack, NJ : |
| -- |
World Scientific, |
| -- |
2012. |
| 300 ## - |
| -- |
235 f. ; |
| -- |
25 cm. |
| 505 ## - |
| -- |
index: f.227-235 |
| 650 #0 - |
| -- |
Organizimi |
| 650 #0 - |
| -- |
Leadership |
| 942 ## - ADDED ENTRY ELEMENTS (KOHA) |
| Source of classification or shelving scheme |
|
| Item type |
Books |